Eikōn basilikē : the pourtraicture of His Sacred Majestie in his solitudes and sufferings : together with his private prayers used in the time of his restraint and delivered to Dr. Juxon, Bishop of London, immediately before his death.

Bibliographic Details
Uniform Title:Eikon basilike.
Other Authors: Charles I, King of England, 1600-1649, Gauden, John, 1605-1662
Format: eBook
Language:English
Published: [London? : publisher not identified], MDCXLIX [1649]
Series:Early English books online.
Subjects:
Online Access:Connect to the full text of this electronic book

MARC

Tag First Indicator Second Indicator Subfields
LEADER 00000nam a2200000Ia 4500
001 in00004300321
005 20200810085132.0
006 m g d
007 cr bn |||a|bb|
008 861016s1649 enkaf o 00| | eng d
035 |a (OCoLC)14403590 
040 |a EAG  |c EAG  |d m/c  |d UMI  |d WaOLN 
037 |a CL0037000035  |b ProQuest Information and Learning. 300 N. Zeeb Rd., Ann Arbor, MI 48106 
043 |a e-uk-en 
045 2 |b d1642  |b d1649 
090 |a DA400  |b .E34 
049 |a UMIA 
130 0 |a Eikon basilike. 
245 1 0 |a Eikōn basilikē :  |b the pourtraicture of His Sacred Majestie in his solitudes and sufferings : together with his private prayers used in the time of his restraint and delivered to Dr. Juxon, Bishop of London, immediately before his death. 
260 |a [London? :  |b publisher not identified],  |c MDCXLIX [1649] 
300 |a 1 online resource ([8], 263 pages, [1] folded leaf of plates :  |b illustrations. 
336 |a text  |b txt  |2 rdacontent 
337 |a computer  |b c  |2 rdamedia 
338 |a online resource  |b cr  |2 rdacarrier 
500 |a First two words of title in Greek characters. 
500 |a Variously attributed to Charles I and to John Gauden by NUC pre-1956 imprints. 
500 |a Place of publication suggested by Wing. 
500 |a Includes frontispiece. 
500 |a Reproduction of original in the University of Illinois (Urbana-Champaign Campus). Library. 
510 4 |a Wing  |c E307 
533 |a Electronic reproduction.  |b Ann Arbor, Mich. :  |c UMI,  |d 1999-  |f (Early English books online)  |n Digital version of: (Early English books, 1641-1700 ; 1058:1)  |7 s1999 miun s 
651 0 |a Great Britain  |x History  |y Civil War, 1642-1649. 
651 0 |a Great Britain  |x Politics and government  |y 1642-1649. 
740 0 |a Pourtraicture of His Sacred Majestie in his solitudes and sufferings. 
700 0 |a Charles  |b I,  |c King of England,  |d 1600-1649. 
700 1 |a Gauden, John,  |d 1605-1662. 
830 0 |a Early English books online. 
856 4 0 |u http://proxy.library.tamu.edu/login?url=https://search.proquest.com/docview/2240853920  |z Connect to the full text of this electronic book  |t 0 
999 f f |s 029479cc-fa05-35f3-b0bb-a30722a1defe  |i a97473a4-ccf0-3ee2-9e38-0f240659e348  |t 0 
952 f f |a Texas A&M University  |b College Station  |c Electronic Resources  |d Available Online  |t 0  |e DA400 .E34  |h Library of Congress classification 
998 f f |a DA400 .E34  |t 0  |l Available Online